Work motivation : theory, issues, and applications

Αποθηκεύτηκε σε:
Λεπτομέρειες βιβλιογραφικής εγγραφής
Κύριος συγγραφέας: Pinder, Craig C.
Μορφή: Βιβλίο
Γλώσσα:English
Δημοσίευση: Glenview, Ill. : Scott, Foresman, 1984
Σειρά:Scott, Foresman series in organizational behavior and human resources
Θέματα:
Ετικέτες: Προσθήκη ετικέτας
Δεν υπάρχουν, Καταχωρήστε ετικέτα πρώτοι!

MARC

LEADER 00000cam a2200000 i 4500
001 1/45146
008 070525s1984 eng d
020 |a 0-673-15799-7 
035 |l 10088043 
040 |a GR-MY-UA  |b gre  |e aacr 
041 0 |a eng 
082 0 |a 158.7  |2 (22) 
100 1 |a Pinder, Craig C. 
245 1 0 |a Work motivation :  |b theory, issues, and applications /  |c Craig C. Pinder 
260 |a Glenview, Ill. :   |b Scott, Foresman,   |c 1984 
300 |a 365 σ.;  |c 23 εκ. 
490 1 |a The Scott, Foresman series in organizational behavior and human resources 
504 |a Περιλαμβάνει βιβλιογραφία: σ. 322-352 και ευρετήρια 
650 0 0 |a Psychology, Industrial. 
650 0 0 |a Work  |x Psychological aspects. 
650 0 0 |a Employee motivation. 
830 0 |a Scott, Foresman series in organizational behavior and human resources 
852 |a INST  |b LESVOS  |e 20070525  |h 158.7 PIN  |p 005100038143  |q 005100038143  |t BK  |y 0 
901 |a BIBL1-2007-2 
970 |a ΚΑΡΑ  |b ΓΙΑΣΕΜΗ  |z 2007/05/25